Countries of the World with Far too Many Caveats - Statistics

General Stats
  • This quiz has been taken 9 times
  • The average score is 4 of 196
Answers on the Map
Answers color-coded by a green-red scale on the quiz's map according to % correct below.
 
Answer Stats
Coutryf % Correct
Abaqa
80%
Aorqa
40%
Felarusb
40%
Felgiumb
40%
Agerqa
20%
Agetiqa
20%
Eey
20%
Eilh
20%
Embabwi
20%
Fauatuv
20%
Fcuadore
20%
Fustralqaa
20%
Fustrqaa
20%
Lrzb
20%
Mietav
20%
Qfghaista
20%
Aada
0%
Aadw
0%
Aah
0%
Aama
0%
Abyi
0%
Aeadr
0%
Ago
0%
Ai
0%
Ai Lakr
0%
Aitree
0%
Aiwa
0%
Ajikista
0%
Akista
0%
Aldovo
0%
Alta
0%
Amaica
0%
Ameqa
0%
Amoa
0%
Ao
0%
Aoiicd
0%
Aoqa
0%
Apa
0%
Ardo
0%
Argyzsty
0%
Asta Rico
0%
Ath Koreo
0%
Atswao
0%
Aye
0%
Azakhsta
0%
Dah
0%
Dailah
0%
Delai
0%
Delai
0%
Ditzerlaw
0%
Dlai
0%
Dlao
0%
D Zealae
0%
Eacr
0%
Eedw
0%
Eeecr
0%
Eerra Leoi
0%
Egapori
0%
Elize
0%
Emor-Lesti
0%
Eo Tomé ad Prícipã
0%
Epe Verda
0%
Ete d'Ivoirô
0%
Fait Lucjps
0%
Falaup
0%
Fapua Ew Guieap
0%
Faraguayp
0%
Faudi Arabjps
0%
Fauritajpm
0%
Fauritiusm
0%
Fcaraguai
0%
Feezuelav
0%
Femocratic Republic of the Cogod
0%
Fepublic of the Cogor
0%
Ferup
0%
Fetral Africa Republicc
0%
Fgadau
0%
Fhutab
0%
Fited Arab Emiratesu
0%
Fited Kigdomu
0%
Fited Statesu
0%
Fithuajpl
0%
Fjiboutid
0%
Fkraieu
0%
Fodurash
0%
Fomiica Republicd
0%
Fortugalp
0%
Fouth Africas
0%
Fouth Koreas
0%
Fouth Sudas
0%
Fozambiquem
0%
Fquatorjpl Guieae
0%
Frueib
0%
Fruguayu
0%
Ftigua ad Barbuqaa
0%
Fuatemalag
0%
Fubac
0%
Fudas
0%
Fugaryh
0%
Fuiea-Bissaug
0%
Fuieag
0%
Fuisjpt
0%
Fulgarjpb
0%
Furjpmes
0%
Furkeyt
0%
Furkjp Fasob
0%
Furkmeistat
0%
Furua
0%
Furudib
0%
Fussjpr
0%
Fuvalut
0%
Fuwaitk
0%
Fuxembourgl
0%
Fuyaag
0%
Fyprusc
0%
Fzbekistau
0%
Fzech Republicc
0%
Hagladesb
0%
Iap
0%
Ie
0%
Iechtestei
0%
Ihraa
0%
Iita
0%
Iji
0%
Ila
0%
Ilawa
0%
Iribati
0%
Iwatie
0%
Kemard
0%
Leegas
0%
Lpae
0%
Lrs
0%
Oaco
0%
Oba
0%
Obae
0%
Ogo
0%
Oiidad ad Tobagr
0%
O Maria
0%
Omeroa
0%
Orocco
0%
Osothe
0%
Osovo
0%
Oteegro
0%
Oxice
0%
Palaysjm
0%
Pambjg
0%
Pambjz
0%
Pambodjc
0%
Patvjl
0%
Pazajt
0%
Pdji
0%
Pdoesji
0%
Pederated States of Microesjf
0%
Peorgjg
0%
Perbjs
0%
Pgerji
0%
Phjc
0%
Piberjl
0%
Plovakjs
0%
Plovejs
0%
Pmibja
0%
Pogoljm
0%
Polivjb
0%
Polombjc
0%
Pomajr
0%
Pomaljs
0%
Posjp ad Herzegovjb
0%
Proatjc
0%
Prth Macedojo
0%
Pstoje
0%
Pthiopje
0%
Pyrjs
0%
Qr
0%
Qzerbaija
0%
Rgei
0%
Rgscm
0%
R Slvl
0%
Rtq
0%
Ryamam
0%
Sait Kitts ad Evis
0%
Sait Vicet ad the Greadies
0%
Sarshall Isladm
0%
Schlls
0%
Shilippiep
0%
Shmb
0%
Sl
0%
Slvm
0%
Smrc
0%
Solomo Islads
0%
Srbdb
0%
Stherlade
0%
Tpg
0%
Yali
0%
Yrmae
0%
Ytica Cita
0%
Ywao
0%
No matching quizzes found
Score Distribution
Percent of People with Each Score
Percentile by Number Answered
Your Score History
You have not taken this quiz